000 01383cab a2200325 4500
001 WB3231-82
008 090401t1996 xxu||||| |||| 00| 0 eng d
035 _a(Sirsi) u69878
041 _aeng
245 _aLatent damages, negligent surveys
260 _c1996
350 _a0
490 _aEstates Gazette
_v(9631) 3 August 1996, 86(1)
520 _aDiscusses at what point the time bar comes into effect on claims against an allegedly negligent valuer or surveyor, in light of the recent case "Hamlin v Edwin Evans". Suggests that, as the `damage` a negligent valuer causes is that of overpayment for a property, the proper date for the start of the 3-year claims period is the date when the purchaser first becomes aware of any previously unknown major defect in the property.
650 _aFELTON V GASKILL OSBORNE & CO
650 _aFORM OF DISCHARGE
650 _aHAMLIN V EDWIN EVANS
650 _aHORBURY V CRAIG HALL & RUTLEY
650 _aLATENT DAMAGE ACT 1986
650 _aLIMITATION ACT 1980 S14A
650 _aLIMITATION PERIODS
650 _aNEGLIGENCE CLAIMS
650 _aPIRELLI GENERAL CABLE WORKS LTD V OSCAR FABER & PARTNERS
650 _aSOS ENVIRONMENT V ESSEX GOODMAN & SUGGITT
650 _aSURVEYORS
650 _aVALUERS
690 _aMANAGEMENT-BUSINESS MANAGEMENT-PROFESSIONAL PRACTICE
942 _n0
948 _c04/03/1997
999 _c43936
_d43936